000 01341nam0a2200325 4500
001 RU\NLR\bibl\545489
005 20260408172139.0
010 _a5-88874-481-6
_9150
021 _aRU
_b2004-37587
_91878
035 _a(NLR Aleph) 000537702
090 _a1393211
_c1393211
100 _a20040817d2004 u y0rusy50 ca
101 0 _arus
102 _aRU
105 _aa |||||||||
200 1 _aНечеткие множества
_eУчеб. пособие
_fС.В. Мациевский
_gКалинингр. гос. ун-т
210 _aКалининград
_cИзд-во КГУ
_d2004
215 _a176 с.
_cил.
_d21
320 _aБиблиогр.: с. 143-173
320 _aПредм. указ.: с. 174-176
606 0 _aНечеткие множества
_jУчебные издания для высших учебных заведений
_92201037
_3RU\NLR\auth\661322637
606 _aМножества (мат.) нечеткие
_jРуководства, пособия и т.п. для высшей школы
_3RU\NLR\auth\66670912
_91538890
686 _aВ161.41я73-1
700 1 _aМациевский
_bС. В.
_gСергей Валентинович
_4070
801 0 _aRU
_bNLR
_c20040817
_gPSBO
801 1 _aRU
_bNLR
_c20040817
942 _cBOOK
980 _aNB
980 _aNBR